000 00424nam a2200133 a 4500
001 000039461
005 20201002031648.0
008 130701s1996 dr 000 0 spa d
040 _aDO-SdBNP
_bspa
_cBNPHU
110 1 _aRepública Dominicana
_9447
245 1 0 _aLey No. 633 sobre contadores públicos autorizados del 16 de junio de 1944.
260 _aSanto Domingo :
_b[Congreso Nacional ],
_c1996.
300 _a7 p. ;
_c21 cm.
999 _c38951
_d38951